00559 2200229 4500001002100000005001500021035002000036007000300056008004100059020002200100082001400122084002000136100001400156245003300170260004800203300002800251650001000279990001000289990001000299990001000309990001000319INLIS00000000001137120240327101114 a0010-0324000212ta240327 g f ind  a978-602-064-966-5 a899.221 3 a899.221 3 ILA t0 aIlana Tan1 aThe Star and I /cIlana Tan aJakarta :bPT Gramedia Pustaka Utama,c2021 a344 hlm ;c13,5 x 20 cm 4aFiksi a56293 a56290 a56291 a56292